000 01086naa a22002777a 4500
001 BR7804585
003 BR-BrBNA
005 20240918174131.0
007 ta
008 230509b bl.||||| |||| 00| 0 por d
040 _aBR-BrBNA
_bpor
_cBiblioteca Nacional de Agricultura
041 _a(Pt)
072 _aK70
_b/G514
_bGZ74
090 _aK70 BR7804585
110 1 _aCompanhia Agropecuaria de Fomento Economico do Parana, Curitiba (Brasil)
_92271
111 1 _a1. Simposio Nacional de Ecologia
_cCuritiba, PR (Brazil)
_d26 Sep 1978
245 1 _aProposta de acao integrada na prevencao e combate a incendios florestais no meio rural [Brasil]
260 3 _aCuritiba, PR (Brasil):
_c1978.
500 _aAnais do 1. Simposio Nacional de Ecologia Curitiba, PR (Brasil): 1978. v. 3 p. 84-86 (BR7804585-AM)K70
650 _aProtecao florestal
650 _aFloresta
650 _aIncendio florestal
773 0 _tAnais do 1. Simposio Nacional de Ecologia
_wK70 BR7804585
_gCuritiba, PR (Brasil), 1978. v. 3 p. 84-86
909 _a202404
_bLucia
_c55
_dLucia Elande
942 _cAM
_2AGRIS
999 _c309127
_d309127